Ciento cuarenta años: imágenes y recuerdos

Salvato in:
Dettagli Bibliografici
Ente Autore: Servicio Hidrográfico y Oceanográfico de la Armada de Chile (Autore)
Natura: Libro
Lingua:spagnolo
Pubblicazione: Santiago Servicio Hidrográfico y Oceanográfico de la Armada de Chile 2014
Edizione:1a. ed
Soggetti:
Tags: Aggiungi Tag
Nessun Tag, puoi essere il primo ad aggiungerne!!

MARC

LEADER 00000cam a2200000 a 4500
001 UCE3219
003 CL-VaPUC
008 140821e20140000cl |||||||||||||||||spa|d
082 0 4 |a 355.033  |b SER  |2 21 
110 2 |a Servicio Hidrográfico y Oceanográfico de la Armada de Chile  |e author  |9 575728 
245 1 0 |a Ciento cuarenta años: imágenes y recuerdos 
250 |a 1a. ed 
300 |a 83 p 
942 |c BK 
945 |d 20140821 14:35:00  |a arojas 
260 |a Santiago  |b Servicio Hidrográfico y Oceanográfico de la Armada de Chile  |c 2014 
650 0 |a Ciencia militar  |9 452699 
650 0 |a Historia naval  |9 268284 
650 0 |a Armada  |9 340499 
650 0 |a Fuerzas Armadas  |9 255504 
583 |a last modification  |c 20140821 14:35:00  |k Rodrigo Vera 
999 |c 356642  |d 356640 
952 |0 0  |1 0  |3 erb  |4 0  |6 355_033000000000000_SER_2014  |7 0  |8 CCM  |9 464099  |a BIBCUR  |b BIBCUR  |i 5095611  |o 355.033 SER 2014  |p 5095611  |r 2025-04-22  |w 2019-11-23  |y BK  |z Catalogado en:20140821  |k CIM